000 00588nam a22001817a 4500
008 200113b xxu||||| |||| 00| 0 eng d
020 _a9789937877121
041 _aNep.
082 _aN895.51408/M833d
100 _aManjushri, Hari,edit
241 _aDhara prakampa: bhukampiya lekhsangraha
245 _aधरा प्रकम्पः भूकम्पीय लेखसङ्ग्रह
260 _aKathmandu:
_bKaryayogi Bardibikram Thapa Smriti Sawaghuti;
_c2053 B.S.
300 _a372p.
650 _aNepali literature
650 _aNepali essay
942 _2ddc
_cISBN
999 _c90430
_d90419